Sports Quiz

Random Sports Quiz

Complete the Card: Great American Bash 1992 Quiz Stats

 Plays Quiz not verified by Sporcle

Score 0/26 Timer 05:00
0 Plays Today
% Correct
Sting
98.4%
Vader
93.5%
Dustin Rhodes
90.3%
Dustin Rhodes
90.3%
Dustin Rhodes
90.3%
Barry Windham
87.1%
Barry Windham
87.1%
Barry Windham
87.1%
Ricky Steamboat
80.6%
Ricky Steamboat
80.6%
Brian Pillman
79%
Steve Austin
77.4%
Terry Gordy
77.4%
% Correct
Terry Gordy
77.4%
Rick Rude
75.8%
Michael Hayes
75.8%
Steve Williams
75.8%
Steve Williams
75.8%
Jimmy Garvin
72.6%
Nikita Koloff
61.3%
Jushin Liger
61.3%
Nikita Koloff
61.3%
Hiroshi Hase
46.8%
Hiroshi Hase
46.8%
Shin'ya Hashimoto
33.9%
Shin'ya Hashimoto
33.9%

You're not logged in!

Compare scores with friends on all Sporcle quizzes.
OR
Log In

Show Comments

Extras

Created Apr 6, 2014ReportNominate
Tags:1992, America, complete

Top Quizzes Today


Score Distribution

Your Account Isn't Verified!

In order to create a playlist on Sporcle, you need to verify the email address you used during registration. Go to your Sporcle Settings to finish the process.

Report this User

Report this user for behavior that violates our Community Guidelines.

Details: